A Dutch public-private strategy for innovation in sustainable construction (Record no. 71888)

MARC details
000 -LEADER
fixed length control field 01176cam a2200229 4500
001 - CONTROL NUMBER
control field ABS66212
008 - FIXED-LENGTH DATA ELEMENTS--GENERAL INFORMATION
fixed length control field 030107n2002 000 0 eng u
035 ## - SYSTEM CONTROL NUMBER
System control number (Sirsi) u120935
100 ## - MAIN ENTRY--PERSONAL NAME
Personal name Bossink, B.A.G.
245 #2 - TITLE STATEMENT
Title A Dutch public-private strategy for innovation in sustainable construction
260 ## - PUBLICATION, DISTRIBUTION, ETC.
Date of publication, distribution, etc. 2002
490 ## - SERIES STATEMENT
Series statement Construction Management and Economics
Volume/sequential designation 20(7) October 2002, 633-642(10)
520 ## - SUMMARY, ETC.
Summary, etc. Considers how the symbiotic interaction between authorites, authority-related and commercial organisation in the Dutch construction industry contributes towards the realisation of government sustainability policy. Research over a 10 year period into the Dutch house-building sector has found that action by and interaction between public and private organisations directed towards innovation in sustainable construction is part of a sector-wide strategy. Tables. References. (TAKEN FROM JOURNAL ABSTRACT).
590 ## - LOCAL NOTE (RLIN)
Local note ABS
650 ## - SUBJECT ADDED ENTRY--TOPICAL TERM
Topical term or geographic name entry element NETHERLANDS
650 ## - SUBJECT ADDED ENTRY--TOPICAL TERM
Topical term or geographic name entry element INNOVATION
650 ## - SUBJECT ADDED ENTRY--TOPICAL TERM
Topical term or geographic name entry element STRATEGIC MANAGEMENT
650 ## - SUBJECT ADDED ENTRY--TOPICAL TERM
Topical term or geographic name entry element Sustainability
9 (RLIN) 6271
650 ## - SUBJECT ADDED ENTRY--TOPICAL TERM
Topical term or geographic name entry element SUSTAINABLE CONSTRUCTION
690 ## - LOCAL SUBJECT ADDED ENTRY--TOPICAL TERM (OCLC, RLIN)
Topical term or geographic name as entry element BUILDING AND CONSTRUCTION-SUSTAINABLE
942 ## - ADDED ENTRY ELEMENTS (KOHA)
Suppress in OPAC 0
Holdings
Withdrawn status Lost status Source of classification or shelving scheme Damaged status Not for loan Home library Current library Shelving location Date acquired Total Checkouts Full call number Barcode Date last seen Copy number Price effective from Koha item type
    Dewey Decimal Classification     London London Journal article 07/01/2003   ABS66212 120935-1001 06/08/2019 1 06/08/2019 Journal article